• 首页
  • 本馆介绍
  • 公告通知
  • 最新文献
  • 馆藏检索
  • 电子资源
  • 读者导购
  • 参考咨询
  • 我的图书馆
  • 登录
  • 详细信息显示
  • 放入我的书架
  • 预约/预借图书
  • 作者相关作品
  • 分类相关作品
  • 丛书相关作品
  • 出版社相关作品

书目信息

  • 表格格式
  • 工作单格式
  • 卡片格式
书名: The New politics of old values
作者: John Kenneth White
分册号:
分册名:
出版地: Hanover :
 
出版社: University Press of New England
出版时间: c1988.
页数: 254 p. ;
开本: 23 cm.
丛书名:
中图分类号:
科图分类号:
其他分类号: D771.22
主题词:
电子资源:
000 01092nam 2200349 a 4500
001 E0731155328
003 DLC
005 20070517084125.68
008 uu
008 00110 eng
010    @a87040513 //r95
020    @a087451438X (pbk.).
020    @a0874514452.
040    @aDLC @beng@cDLC @dDLC
043    @an-us---
049    @aN5LA
050 00 @aE877.2 @b.W48 1988
082 00 @a973.927/092/4 @219
090    @aD771.22
096    @aD771.22 @v2
099    @dD771.22@ex139=2
100 10 @aWhite, John Kenneth, @d1952-
245 14 @aThe New politics of old values / @cJohn Kenneth White
250    @a2nd ed.
260 0  @aHanover :@bUniversity Press of New England,@cc1988.
300    @a254 p. ;@c23 cm.
500    @aIncludes index.
650  0 @aPresidents @zUnited States. @b00 @c20020930 @lNLC09 @h2250 @lNLC09 @h2342 @lNLC09 @h1934
650  0 @aValues @xPolitical aspects @zUnited States.
651  0 @aUnited States @xPolitics and government @y1981-1989.
700    @aWhite, John Kenneth,@d1952-
852 9  @bWWJC @cJ08N @k2-89 @hD771.22 @iW58
    
    The New politics of old values / / John Kenneth White.-2nd ed.-Hanover : : University Press of New England, , c1988.
    254 p. ; ; 23 cm.
    Includes index.
    
    ISBN 087451438X (pbk.).
    
●
相关链接 在E读中查询图书 在五车中查询图书 在当当中查询图书 在豆瓣中查询图书


正题名:New politics of old values     索取号:D771.22/x139=2         预约/预借

序号 登录号 条形码 馆藏地/架位号 状态 备注
1 9532   300095322   第二样本阅览室/ [索取号:D771.22/x139=2] 在馆    
2 9533   300095331   第四借阅区/ [索取号:D771.22/x139=2] 在馆    
唐山师范学院图书馆 欢迎您!
大连网信软件有限公司© 版权所有